| 000 | 00566nam a2200169 a 4500 | ||
|---|---|---|---|
| 005 | 20140412111245.0 | ||
| 008 | 020410s19uu xx 00 eng d | ||
| 020 | _a0-86653-517-9 | ||
| 050 |
_aTR(GS 513 _bD22 1990 |
||
| 100 | _aDaniel, Becky | ||
| 245 |
_aHooray for addition facts! : _ba good apple math activity book for grades 1-3 / _cby Becky Daniel; illustrated by Judy Heirstein. |
||
| 260 |
_aCarthage, IL : _bGood Apple Inc, _c1990. |
||
| 300 | _a76 p. | ||
| 650 |
_aMath _xJuvenile literature |
||
| 650 |
_aAddition _xJuvenile literature |
||
| 999 |
_c102886 _d102886 |
||